[Event "Moscow Smyslov-D"]
[Site "Moscow"]
[Date "2025.06.02"]
[Round "1"]
[White "Reshetnyak, Anna Val"]
[Black "Kuznetsoov, Timofei"]
[Result "0-1"]
[WhiteElo "1494"]
[BlackElo "1573"]
[PlyCount "40"]
[EventDate "2025.06.02"]
[EventType "swiss"]
[EventRounds "8"]
[EventCountry "RUS"]
[SourceTitle "CB29_2025"]
[SourceDate "2025.07.16"]
[SourceVersion "1"]
[SourceVersionDate "2025.07.16"]
[SourceQuality "1"]

1. d4 d5 2. c4 dxc4 3. e4 e5 4. d5 Nf6 5. Nc3 b5 6. Bg5 Bc5 7. Nf3 a6 8. Be2 0-0 9. Nxe5 b4 10. Na4 Bxf2+ 11. Kf1 h6 12. Bxh6 gxh6 13. Kxf2 Nxe4+ 14. Kg1 Qf6 15. Nf3 Bd7 16. Qc2 Re8 17. Re1 Bxa4 18. Qxa4 Qb6+ 19. Nd4 Qxd4+ 20. Kf1 Qf2# 0-1